000 03363cam a22004094a 4500
999 _c63606
_d63606
001 768717001
003 CO-MdFUSB
005 20200414205931.0
007 cr cn|||||||||
008 201002r2009 sp ||||gs|||||||||||spa d
020 _a9788481695366
_qelectrónico
040 _aCO-MdFUSB
_bspa.
_cCO-MdFUSB
_dCO-MdFUSBC
_erda
041 _aspa
082 0 4 _a291.8
_222
100 1 _aAguirre, Rafael.
_eautor
245 1 0 _aJesús de Nazaret
_c/ Rafael Aguirre , Carmen Bernabé , Carlos Gil.
_h[recurso electrónico]
264 1 _aEspaña :
_bVerbo Divino,
_c[2009]
264 4 _c© 2009
300 _arecurso en línea (271 páginas)
_c;
336 _2rdacontent
_atexto
_btxt
337 _2rdamedia
_ainformático
_bc
338 _2rdacarrier
_aremoto
_bcr
347 _2rda
_afichero de texto
_bhtml
490 _aQué se sabe de...
505 _aPrimera parte: ¿Cómo hemos llegado hasta aquí?. La pregunta por el Jesús histórico: historia de la investigación y su importancia (Carmen Bernabé) .. 1. El interés por el Jesús de la historia 2. La importancia del estudio sobre el Jesús histórico 3. A la búsqueda del Jesús de la historia: unos jalones en la historia de la investigaciíon sobre el Jesús histórico4. Criterios en el estudio del Jesús histórico Segunda parte: ¿Cuáles son los aspectos centrales del tema?. El contexto de la vida de Jesús (Carlos Gil)1. Galilea 2. Judea 3. Valores culturales compartidos del Mediterráneo oriental 3. Los orígenes de Jesús (Carlos Gil) 1. La familia de Jesús 2. Educación 3. Profesión 4. Juan el Bautista . 5. Los inicios de su vocación La enseñanza de Jesús (Rafael Aguirre)1. Jesús y el reino de Dios.2. Jesús y la Ley 5. Los hechos de Jesús (Carlos Gil) 1. Un mundo de dioses, taumaturgos, exorcistas y magos ...... 2. Las sanaciones de Jesús 3. Los exorcismos de Jesús 4. Las comidas de Jesús .. 5. La autoestigmatización de Jesús6. Las relaciones de Jesús (Carmen Bernabé) 1. Las imprescindibles relaciones humanas 2. La gente que escuchaba a Jesús: los destinatarios del Reino 3. Jesús y sus seguidores 4. Los adversarios 7. La experiencia religiosa de Jesús (Rafael Aguirre) 1. La experiencia religiosa 2. Dios como Padre . 3. Dios es amor y misericordia 4. El Padre es Dios 8. El conflicto final de Jesús (Carmen Bernabé) 1. El conflicto en la vida de Jesús 2. El conflicto con el Templo y el gesto simbólico realizado en él como «punto de no retorno» 3. Jesús afronta su muerte y le da un sentido . 4. Muerte de Jesús y causa de su condena5. La sepultura de Jesús. 9. ¿Quién es Jesús? (Rafael Aguirre) 1. Maestro, profeta, sanador, exorcista 2. Carismático, hombre del Espíritu, Hijo de Dios .. 3. El movimiento profético de Jesús 4. Profeta escatológico .. 5. Mesías 6. Hijo del hombre
516 _a texto electrónico
538 _aAcceso a Internet; requiere usuario y clave asignada por la biblioteca
650 4 _aTeología.
650 4 _aCristianismo.
650 4 _aReligion.
700 1 _aBernabé, Carmen,
_eautor
700 1 _aGil, Carlos,
_eautor
856 4 0 _uhttp://site.ebrary.com/lib/unisbcsp/Doc?id=10357018
_b10357018
_zAbrir Versión electrónica del libro ¿Qué se sabe de... Jesús de Nazaret?
942 _cBK
945 _aJTF-925